| 000 | 00666nam a2200217 u 4500 | ||
|---|---|---|---|
| 005 | 20220916063611.0 | ||
| 008 | 141020s2005 r 000 0 eng d | ||
| 020 | _a0736841342 | ||
| 035 | _aUPN01000200364 | ||
| 049 | _aI | ||
| 050 | 4 |
_aQA465 _bT7.6 |
|
| 100 | 1 |
_aTrumbauer, Lisa Trutkoff, _d1963- _936479 |
|
| 245 | 1 | 1 |
_a¿Por qué medimos? / _cLisa Trumbauer. |
| 260 |
_aMinnesota, E.U.A. : _bCapstone Press, _c2005. |
||
| 300 |
_a17 p. : _bil. |
||
| 440 | 0 |
_aYellow umbrella books. _pMathematics - Spanish |
|
| 650 | 4 |
_aMEDICION - _vLITERATURA INFANTIL _923598 |
|
| 650 | 7 |
_aLibros ilustrados para niños _2 _921365 |
|
| 905 | _aInfantil | ||
| 999 |
_c172465 _d172465 |
||